Представление документа в формате RUSMARC

ПолеНазваниеЗначение
  Тип записи a
  Библиографический уровень a
001 Контрольный номер RU/CBS_UL/BASE/579281651
005 Дата корректировки 20250122233010.1
100 Данные общей обработки __
a Данные общей обработки 20180510d2018 ||| 0rusy0189 ca
101 Язык документа 0_
a Язык текста rus
102 Страна публикации __
a Страна публикации RU
105 Кодированные данные (монография) __
a Кодированные данные (монография) y###||||000|y
200 Заглавие и сведения об ответственности 1_
a Заглавие "Я хочу вернуться домой, к тебе"
b Общее обозначение материала Текст
e Сведения, относящиеся к заглавию [беседа с автором книги "Катя и Рихард. Тайны жены Зорге" петрозаводским исследователем Ю. Шлейкиным о красивой и трагической любви Р. Зорге и Е. Максимовой]
f Первые сведения об ответственности И. Смирнов
300 Общие примечания __
a Общие примечания Ограничения по возрасту - 16+
461 Уровень набора _0
1 2000
a Аргументы и факты
463 Уровень физической единицы _0
1 001RU/CBS_UL/BASE/579268620
1 2000
a № 19 (9-15 мая)
v С. 19 : фото
1 210
d 2018
600 Персоналии _0
a Персоналии (Фамилия) Зорге
b Персоналии (Имя, инициалы) Р.
600 Персоналии _0
a Персоналии (Фамилия) Максимова
b Персоналии (Имя, инициалы) Е.А.
600 Персоналии _0
a Персоналии (Фамилия) Шлейкин
b Персоналии (Имя, инициалы) Ю.В.
606 Тематические рубрики 0_
a Основная рубрика Разведчики - СССР
z Хронологическая подрубрика Дата события
606 Тематические рубрики 0_
a Основная рубрика Зорге, Рихард (1895-1944)
610 Ключевые слова 0_
a Ключевые слова история советская
a Ключевые слова разведчики
a Ключевые слова разведчики советские
a Ключевые слова резиденты советской разведки
a Ключевые слова Герои Советского Союза
a Ключевые слова биографии
a Ключевые слова личная жизнь
a Ключевые слова письма
a Ключевые слова Катя и Рихард. Тайны жены Зорге (книги)
686 Индексы других классификаций __
a Классификационный индекс 67.401.212
2 Код системы ББК
700 Автор _1
a Фамилия Смирнов
b Имя (инициалы) И.
801 Источник записи _0
a Страна RU
b Организация МБУК ЦБС г. Ульяновска
c Дата составления 20180510
g Правила каталогизации RCR
801 Источник записи _1
a Страна RU
b Организация МБУК ЦБС г. Ульяновска
c Дата составления 20180510
g Правила каталогизации RCR
901 Тип документа __
t Тип документа f
w Контрольный № источника RU/CBS_UL/BASE/579268620
910 Корректоры записи __
a Корректор записи Библиотека 1
938 Служебная информация __
a Имя БД period